[Event "International Championship of Central Se"]
[Site "Paracin, hotel "]
[Date "2016.07.12"]
[Round "7.1"]
[White "Maksimovic, Masa"]
[Black "Brkic, Toma"]
[Result "0-1"]
[WhiteElo "1854"]
[BlackElo "2069"]
[PlyCount "110"]
[EventDate "2016.07.07"]

1. e4 c5 2. Nf3 e6 3. d4 cxd4 4. Nxd4 a6 5. c4 Qc7 6. Nc3 Nf6 7. Be2 Nc6 8. O-O
Be7 9. Be3 O-O 10. Rc1 Nxd4 11. Qxd4 d6 12. Rfd1 Bd7 13. b4 Rfd8 14. a4 Qb8 15.
a5 Be8 16. Rb1 Qc7 17. Qd3 Nd7 18. Na4 Nc5 19. Nxc5 dxc5 20. Qc2 cxb4 21. Rxd8
Qxd8 22. Bb6 Qc8 23. c5 Bc6 24. Rxb4 Qd7 25. Rb1 Bf6 26. Rd1 Bd4 27. Bc4 e5 28.
Kh1 Kh8 29. f3 Rf8 30. Qa2 Qe7 31. Qa3 Qd7 32. Qa2 Qe7 33. Qa3 Rc8 34. Bd5 Bb5
35. Rc1 g6 36. g3 Kg7 37. Kg2 h5 38. f4 h4 39. fxe5 hxg3 40. hxg3 Qg5 41. Rd1
Bxe5 42. Qf3 Qe7 43. Qg4 Rh8 44. Rd2 Qf6 45. Rd1 Rh5 46. Re1 Rg5 47. Qh4 Rxg3+
48. Qxg3 Bxg3 49. Kxg3 g5 50. Kg2 Qf4 51. Rg1 Be2 52. e5 g4 53. Re1 Bf3+ 54.
Bxf3 gxf3+ 55. Kf2 Qd2+ 0-1

[Event "International Championship of Central Se"]
[Site "Paracin, hotel "]
[Date "2016.07.12"]
[Round "7.2"]
[White "Mihov, Filip"]
[Black "Hasman, Cengiz"]
[Result "1-0"]
[WhiteElo "1964"]
[BlackElo "2072"]
[PlyCount "71"]
[EventDate "2016.07.07"]

1. Nf3 g6 2. g3 Bg7 3. Bg2 Nf6 4. c4 O-O 5. Nc3 c5 6. O-O Nc6 7. a3 d5 8. cxd5
Nxd5 9. Nxd5 Qxd5 10. d3 Qd7 11. Rb1 b6 12. b4 cxb4 13. axb4 Bb7 14. Bb2 e5 15.
Qa4 Rfd8 16. Rfc1 f6 17. Rc2 Rac8 18. b5 Na5 19. Rxc8 Rxc8 20. Qa3 Qxb5 21. Bh3
Rc7 22. Qd6 Rf7 23. Be6 Qe8 24. Bxf7+ Kxf7 25. Rc1 Bc6 26. Ba3 Qd7 27. Qxd7+
Bxd7 28. Rc7 Ke6 29. Rxa7 Nc6 30. Rb7 h6 31. Rxb6 f5 32. Nd2 Bf6 33. Nb3 Be8
34. Na5 Bd8 35. Rxc6+ Bxc6 36. Nxc6 1-0

[Event "International Championship of Central Se"]
[Site "Paracin, hotel "]
[Date "2016.07.12"]
[Round "7.3"]
[White "Isak, Igor G"]
[Black "Jakovljevic, Dejan"]
[Result "1/2-1/2"]
[WhiteElo "2064"]
[BlackElo "2016"]
[PlyCount "65"]
[EventDate "2016.07.07"]

1. e4 e6 2. d4 d5 3. Nc3 Bb4 4. exd5 exd5 5. Bd3 Ne7 6. a3 Bxc3+ 7. bxc3 Bf5 8.
Rb1 b6 9. Nf3 O-O 10. O-O Nbc6 11. Bf4 Qd7 12. Qd2 f6 13. Rfe1 Bxd3 14. cxd3
Nf5 15. Qa2 Nce7 16. h3 Ng6 17. Bh2 c6 18. a4 Rfe8 19. a5 Rxe1+ 20. Rxe1 Re8
21. Kf1 Rxe1+ 22. Nxe1 bxa5 23. Qxa5 Qb7 24. Qd8+ Kf7 25. Qc7+ Qxc7 26. Bxc7
Ke6 27. Nc2 Kd7 28. Bb8 a5 29. g3 Nd6 30. Na3 Nb5 31. Nxb5 cxb5 32. Ke2 Ne7 33.
Ba7 1/2-1/2

[Event "International Championship of Central Se"]
[Site "Paracin, hotel "]
[Date "2016.07.12"]
[Round "7.4"]
[White "Bojicic, Andjela"]
[Black "Ostojic, Nikola M"]
[Result "1-0"]
[WhiteElo "2038"]
[BlackElo "2050"]
[PlyCount "89"]
[EventDate "2016.07.07"]

1. d4 Nf6 2. c4 e6 3. Nc3 Bb4 4. e3 O-O 5. Bd3 d5 6. Nf3 c5 7. O-O cxd4 8. exd4
dxc4 9. Bxc4 b6 10. Bg5 Bb7 11. Qe2 Be7 12. Rfe1 h6 13. Bh4 g5 14. Bg3 Nd5 15.
Bd3 Nd7 16. Ne5 N7f6 17. h4 Nxc3 18. bxc3 Kg7 19. Ng4 Nxg4 20. Qxg4 Bf6 21.
hxg5 hxg5 22. Be5 Bxe5 23. Rxe5 f5 24. Qe2 Bc8 25. Bc4 Rf6 26. Bxe6 Bxe6 27.
Rxe6 Qd5 28. Rxf6 Kxf6 29. Re1 Qd6 30. Qh5 Rg8 31. Qh6+ Rg6 32. Qh8+ Rg7 33.
Re8 Kg6 34. Re5 Qd7 35. Qh3 Re7 36. Qe3 Rxe5 37. Qxe5 f4 38. d5 Qa4 39. Qe6+
Kg7 40. d6 Qd1+ 41. Kh2 f3 42. Qe5+ Kg6 43. Qd4 Qe2 44. d7 fxg2 45. d8=Q 1-0

[Event "International Championship of Central Se"]
[Site "Paracin, hotel "]
[Date "2016.07.12"]
[Round "7.5"]
[White "Rajic, Momcilo"]
[Black "Trifunovic, Borisav"]
[Result "1-0"]
[WhiteElo "1937"]
[BlackElo "2023"]
[PlyCount "67"]
[EventDate "2016.07.07"]

1. d4 Nf6 2. c4 e6 3. Nc3 Bb4 4. Bd2 d5 5. e3 O-O 6. Bd3 b6 7. Nge2 Ba6 8. b3
Nbd7 9. f4 Be7 10. Ng3 c5 11. O-O Rc8 12. Qe2 cxd4 13. exd4 g6 14. cxd5 Bxd3
15. Qxd3 Nxd5 16. Nxd5 exd5 17. f5 Bf6 18. Bf4 Bg7 19. Rad1 Re8 20. Qb5 Nf6 21.
Be5 Rc2 22. Rde1 Rc8 23. fxg6 Re6 24. gxf7+ Kxf7 25. Nh5 Rec6 26. Qd3 Kg8 27.
Nxg7 Kxg7 28. Re3 Qd7 29. Qf5 Qf7 30. Rh3 h6 31. Rg3+ Kf8 32. Rg6 Ke7 33. Rxh6
Qf8 34. Bxf6+ 1-0

[Event "International Championship of Central Se"]
[Site "Paracin, hotel "]
[Date "2016.07.12"]
[Round "7.6"]
[White "Ostojic, Milos R"]
[Black "Colovic, Zoran"]
[Result "1/2-1/2"]
[WhiteElo "2025"]
[BlackElo "2099"]
[PlyCount "72"]
[EventDate "2016.07.07"]

1. e4 c5 2. Nf3 Nc6 3. d4 cxd4 4. Nxd4 Nf6 5. Nc3 e5 6. Ndb5 d6 7. Bg5 a6 8.
Na3 b5 9. Bxf6 gxf6 10. Nd5 Bg7 11. c3 O-O 12. Nc2 f5 13. exf5 Bxf5 14. Nce3
Be6 15. Bd3 f5 16. O-O Ra7 17. a4 bxa4 18. Rxa4 a5 19. f4 e4 20. Bc4 Kh8 21.
Kh1 Bd7 22. Ra2 Be6 23. Qd2 Ne7 24. Nxe7 Qxe7 25. Bxe6 Qxe6 26. Rfa1 Rfa8 27.
Ra4 Kg8 28. Kg1 Ra6 29. Qd5 Qxd5 30. Nxd5 Rb8 31. b4 Kf7 32. Rxa5 Rxa5 33. bxa5
Ke6 34. Nc7+ Kd7 35. Nd5 Ke6 36. Nc7+ Kd7 1/2-1/2

[Event "International Championship of Central Se"]
[Site "Paracin, hotel "]
[Date "2016.07.12"]
[Round "7.7"]
[White "Djuretanovic, Ivan"]
[Black "Zlatanovic, Zoran"]
[Result "1/2-1/2"]
[WhiteElo "2011"]
[BlackElo "2073"]
[PlyCount "91"]
[EventDate "2016.07.07"]

1. e4 c5 2. Nf3 d6 3. b3 Nd7 4. Nc3 a6 5. a4 b6 6. Bb2 e6 7. d4 cxd4 8. Nxd4
Bb7 9. f4 Ngf6 10. Bd3 Nc5 11. Qe2 Nxd3+ 12. cxd3 d5 13. e5 Nd7 14. Nf3 d4 15.
Ne4 Bb4+ 16. Kf2 Bxe4 17. dxe4 d3 18. Qxd3 Nc5 19. Qe3 Nd3+ 20. Kg3 Nxb2 21.
Rab1 Bc5 22. Qe2 Nxa4 23. bxa4 O-O 24. Rhd1 Qe7 25. f5 a5 26. h4 f6 27. Kh3
exf5 28. exf5 fxe5 29. g4 h5 30. Nxe5 Rae8 31. Qc4+ Kh7 32. Re1 Qb7 33. Qxc5
hxg4+ 34. Kh2 bxc5 35. Rxb7 Rxf5 36. Nd3 Rd8 37. Re5 Rf3 38. Rh5+ Kg8 39. Rg5
g3+ 40. Kg2 Rdxd3 41. Rbxg7+ Kf8 42. Rxg3 Rxg3+ 43. Rxg3 Rd4 44. h5 Rxa4 45.
Kh3 Rb4 46. Rg5 1/2-1/2

[Event "International Championship of Central Se"]
[Site "Paracin, hotel "]
[Date "2016.07.12"]
[Round "7.8"]
[White "Mijajlovic, Jovan"]
[Black "Gajin, Nikola"]
[Result "0-1"]
[WhiteElo "1881"]
[BlackElo "2069"]
[PlyCount "78"]
[EventDate "2016.07.07"]

1. e4 c6 2. d4 d5 3. Nd2 dxe4 4. Nxe4 Bf5 5. Ng3 Bg6 6. h4 h6 7. h5 Bh7 8. Nf3
Nd7 9. Bd3 Bxd3 10. Qxd3 Ngf6 11. Bf4 e6 12. O-O-O Nd5 13. Be5 a5 14. Kb1 b5
15. Rhe1 a4 16. Nf5 Nxe5 17. Nxe5 Qc7 18. Ng6 fxg6 19. Rxe6+ Kd7 20. Rde1 Kc8
21. hxg6 Kb7 22. g3 a3 23. b3 Bb4 24. R1e5 Qd7 25. c4 Nc3+ 26. Ka1 Rae8 27. Qe3
Rxe6 28. Rxe6 Nd1 29. Qe4 Nc3 30. Qe5 Rf8 31. g4 Qc7 32. f4 Rd8 33. Qe3 Nd1 34.
Qe4 Bc3+ 35. Kb1 Bxd4 36. Kc2 Nc3 37. Qf3 b4 38. Nxd4 Rxd4 39. Qe3 Qxf4 0-1

[Event "International Championship of Central Se"]
[Site "Paracin, hotel "]
[Date "2016.07.12"]
[Round "7.9"]
[White "Jankov, Saso"]
[Black "Tomic, Slobodan"]
[Result "1-0"]
[WhiteElo "2007"]
[BlackElo "2032"]
[PlyCount "155"]
[EventDate "2016.07.07"]

1. d4 Nf6 2. e3 g6 3. Nf3 Bg7 4. Bd3 O-O 5. O-O d6 6. h3 Nbd7 7. Re1 e5 8. Nbd2
c6 9. c3 Qc7 10. e4 Re8 11. Qb3 h6 12. dxe5 dxe5 13. Bc4 Nc5 14. Qc2 Be6 15.
Bxe6 Nxe6 16. Nc4 Nd7 17. Be3 b5 18. Ncd2 c5 19. Nf1 c4 20. Red1 Ndc5 21. Ne1
Rad8 22. Ng3 a6 23. h4 Kh7 24. h5 Nf4 25. hxg6+ fxg6 26. Bxc5 Qxc5 27. Ne2 Ne6
28. Nf3 Qc6 29. Ng3 Nc5 30. Ne1 h5 31. f3 Bh6 32. Rxd8 Rxd8 33. Rd1 Be3+ 34.
Kf1 Rd6 35. Qe2 Bf4 36. Nh1 Qd7 37. Rxd6 Qxd6 38. g3 Bh6 39. Nf2 Qd2 40. Nd1
Kg7 41. Nc2 Nd3 42. Nb4 Nxb4 43. cxb4 Qxb4 44. Nc3 Qc5 45. Nd5 Bg5 46. Qh2 Qd4
47. Qh3 Qd3+ 48. Kg2 Qc2+ 49. Kh1 Qb1+ 50. Kh2 Qxb2+ 51. Kh1 Qa1+ 52. Kh2 Qxa2+
53. Kh1 Qb1+ 54. Kh2 Qc2+ 55. Kg1 Qd1+ 56. Kf2 Qd2+ 57. Kf1 Be3 58. Nxe3 Qxe3
59. Qd7+ Kh6 60. Qf7 Qd3+ 61. Kg2 Qd6 62. f4 exf4 63. gxf4 c3 64. e5 Qc5 65.
Qf6 Qd5+ 66. Kf2 Qg8 67. e6 c2 68. e7 Kh7 69. Qf8 Qa2 70. e8=Q c1=Q+ 71. Qe2
Qxe2+ 72. Kxe2 Qc2+ 73. Kf3 Qd3+ 74. Kf2 Qf5 75. Qe7+ Kh6 76. Qc7 h4 77. Kf3
Kh5 78. Qh7# 1-0

[Event "International Championship of Central Se"]
[Site "Paracin, hotel "]
[Date "2016.07.12"]
[Round "7.10"]
[White "Milosevic, Rade"]
[Black "Stojkovic, Zoran"]
[Result "1/2-1/2"]
[WhiteElo "2091"]
[BlackElo "1952"]
[PlyCount "133"]
[EventDate "2016.07.07"]

1. Nf3 c5 2. c4 Nc6 3. d4 cxd4 4. Nxd4 e6 5. a3 Nf6 6. Nc3 Bc5 7. e3 O-O 8. b4
Nxd4 9. exd4 Be7 10. Be2 a6 11. O-O Qc7 12. d5 b5 13. Qb3 Bd6 14. h3 Be5 15.
Bb2 Bb7 16. dxe6 bxc4 17. exf7+ Kh8 18. Bxc4 Rac8 19. Be2 Bxc3 20. Rfc1 Qe5 21.
Bxc3 Qxe2 22. Bxf6 Rxc1+ 23. Rxc1 gxf6 24. Qg3 Bc6 25. Rc3 Qe6 26. Re3 Qxf7 27.
Qf4 Qd5 28. f3 Qg5 29. Qxg5 fxg5 30. Re5 h6 31. h4 gxh4 32. Rh5 Kg7 33. Rxh4 d5
34. Kf2 Rd8 35. Ke3 a5 36. Kd4 Be8 37. Kc5 axb4 38. axb4 Bf7 39. b5 Rc8+ 40.
Kd6 Be8 41. Rb4 d4 42. b6 d3 43. b7 Rd8+ 44. Kc7 d2 45. Rb1 Rd7+ 46. Kc8 Rxb7
47. Kxb7 Ba4 48. Kb6 d1=Q 49. Rxd1 Bxd1 50. Kc5 Kf6 51. Kd4 Kg5 52. Ke3 Ba4 53.
g3 Bc6 54. Ke2 Kf5 55. Kf2 Ke5 56. Ke3 Bb5 57. g4 Bd7 58. f4+ Ke6 59. Kf3 Kd5
60. Kg3 Ke4 61. g5 h5 62. g6 Kf5 63. g7 Be6 64. Kh4 Kg6 65. f5+ Kxf5 66. g8=Q
Bxg8 67. Kxh5 1/2-1/2

[Event "International Championship of Central Se"]
[Site "Paracin, hotel "]
[Date "2016.07.12"]
[Round "7.11"]
[White "Radovic, Goran"]
[Black "Olcum, Ahmet"]
[Result "0-1"]
[WhiteElo "1946"]
[BlackElo "2083"]
[PlyCount "68"]
[EventDate "2016.07.07"]

1. e4 d6 2. d4 g6 3. Nc3 Bg7 4. Be3 a6 5. Qd2 Nd7 6. O-O-O b5 7. f3 Nb6 8. Qf2
b4 9. Nb1 c6 10. Nd2 Nf6 11. g4 h6 12. h4 a5 13. Nh3 Nfd7 14. Nf4 Qc7 15. Nd3
Bb7 16. Be2 c5 17. dxc5 dxc5 18. Ne1 c4 19. Nb1 a4 20. Bd4 e5 21. Be3 O-O 22.
c3 a3 23. bxa3 b3 24. axb3 cxb3 25. Bb5 Bc6 26. Bxc6 Qxc6 27. Nd3 Nc4 28. Nb2
Nxa3 29. Kd2 Nc2 30. c4 Rfd8 31. Kc3 Qb7 32. Bc5 Nd4 33. Rxd4 exd4+ 34. Bxd4
Ne5 0-1

[Event "International Championship of Central Se"]
[Site "Paracin, hotel "]
[Date "2016.07.12"]
[Round "7.12"]
[White "Arandjelovic, Aleksandar Z"]
[Black "Taylor, Robert Graham"]
[Result "1-0"]
[WhiteElo "2073"]
[BlackElo "1922"]
[PlyCount "119"]
[EventDate "2016.07.07"]

1. d4 Nf6 2. c4 g6 3. Nc3 d5 4. cxd5 Nxd5 5. e4 Nxc3 6. bxc3 Bg7 7. Nf3 c5 8.
Rb1 O-O 9. Be2 cxd4 10. cxd4 b6 11. O-O Bb7 12. d5 Nd7 13. Ba3 a6 14. Qd2 Re8
15. Rfd1 Nf6 16. Qe3 b5 17. Bc5 Rc8 18. Rbc1 Nd7 19. e5 Nxc5 20. Rxc5 Rxc5 21.
Qxc5 Qc8 22. Qb6 Qd7 23. h3 Rc8 24. e6 fxe6 25. dxe6 Qc7 26. Qe3 Bf6 27. h4 Qc5
28. Qf4 Qf5 29. Qxf5 gxf5 30. Rd7 Bc6 31. Ra7 Ra8 32. Rc7 Bd5 33. Ng5 Bxa2 34.
Bd3 h6 35. Nf7 Bxe6 36. Nxh6+ Kg7 37. Bxf5 Kxh6 38. Bxe6 Bxh4 39. Rc6 Bf6 40.
Rb6 Kg7 41. Kf1 Bc3 42. Ke2 b4 43. Bb3 a5 44. Ba4 Rf8 45. Rb5 Ra8 46. f4 Ra7
47. g4 Kf6 48. Ke3 Kg7 49. Ke4 Kf6 50. g5+ Kg7 51. Rb8 Rc7 52. Bb3 Ra7 53. Ba4
Bd2 54. Kf5 Rc7 55. Bb3 Rc5+ 56. Kg4 Bc3 57. f5 Be5 58. Rg8+ Kh7 59. Kh5 Bg7
60. g6# 1-0

[Event "International Championship of Central Se"]
[Site "Paracin, hotel "]
[Date "2016.07.12"]
[Round "7.13"]
[White "Radovanovic, Miroljub B"]
[Black "Djordjevic, Gradimir"]
[Result "1/2-1/2"]
[WhiteElo "1945"]
[BlackElo "2072"]
[PlyCount "140"]
[EventDate "2016.07.07"]

1. e4 d6 2. d4 Nf6 3. Bd3 e5 4. dxe5 dxe5 5. Nf3 Bd6 6. O-O O-O 7. h3 h6 8. Be3
Be6 9. c4 Qe7 10. Nc3 c6 11. a3 a5 12. Rc1 Nbd7 13. Na4 g5 14. Nh2 Nc5 15. Nxc5
Bxc5 16. Qf3 Kg7 17. g4 Rfd8 18. Rfd1 Bd4 19. Qe2 c5 20. Nf3 Bd7 21. Bxd4 cxd4
22. b3 b6 23. Qd2 Bc6 24. Re1 Nd7 25. b4 f6 26. Nh2 axb4 27. axb4 Ra4 28. Rb1
Rda8 29. Nf1 Nf8 30. Ng3 Qa7 31. Rec1 Ne6 32. Nh5+ Kg6 33. Ng3 Nf4 34. Bf1 Ra2
35. Rb2 Ra3 36. Rbc2 Qb7 37. Re1 Bd7 38. Kh2 h5 39. gxh5+ Nxh5 40. Nxh5 Kxh5
41. c5 Kg6 42. c6 Bxc6 43. Rec1 Bxe4 44. Rc7 Qd5 45. Bc4 Qd6 46. Bf7+ Kh6 47.
h4 R8a7 48. Rxa7 Rxa7 49. Qe2 Bg6 50. hxg5+ fxg5 51. Bxg6 Qxg6 52. Qxe5 Qh5+
53. Kg2 Qg4+ 54. Kh2 Qf4+ 55. Qxf4 gxf4 56. Rc6+ Kg5 57. Rd6 Ra2 58. Kg2 Rb2
59. Rxd4 Kf5 60. Rc4 Rb3 61. Rd4 Ke5 62. Rc4 Rb2 63. Kf3 Rb3+ 64. Kg4 f3 65.
Kg3 Kd5 66. Rf4 b5 67. Kg4 Rc3 68. Kg3 Rd3 69. Kg4 Rc3 70. Kg3 Rb3 1/2-1/2

[Event "International Championship of Central Se"]
[Site "Paracin, hotel "]
[Date "2016.07.12"]
[Round "7.14"]
[White "Ivanovic, Veljko"]
[Black "Kracunov, Bozidar"]
[Result "1/2-1/2"]
[WhiteElo "1936"]
[BlackElo "2069"]
[PlyCount "67"]
[EventDate "2016.07.07"]

1. d4 e6 2. c4 d5 3. Nc3 c6 4. e4 dxe4 5. Nxe4 Nd7 6. Nf3 Ngf6 7. Bd3 Bb4+ 8.
Bd2 Bxd2+ 9. Qxd2 Nxe4 10. Bxe4 Nf6 11. Bc2 O-O 12. O-O b6 13. Rad1 Qc7 14. Ng5
Bb7 15. Ne4 Nxe4 16. Bxe4 Rfd8 17. Qe3 Rac8 18. Rd2 c5 19. Bxb7 Qxb7 20. Rfd1
h6 21. dxc5 Rxd2 22. Qxd2 Rxc5 23. Qd8+ Kh7 24. Qd3+ g6 25. b3 h5 26. h4 Rc7
27. Qd8 Kg7 28. Qd4+ Kh7 29. Qd8 Kg7 30. Qd4+ Kg8 31. Qd8+ Kg7 32. Qd4+ Kh7 33.
Qd8 Kg7 34. Qd4+ 1/2-1/2

[Event "International Championship of Central Se"]
[Site "Paracin, hotel "]
[Date "2016.07.12"]
[Round "7.15"]
[White "Majstorovic, Dusan"]
[Black "Nikolic, Dejan"]
[Result "1-0"]
[WhiteElo "2031"]
[BlackElo "1913"]
[PlyCount "91"]
[EventDate "2016.07.07"]

1. e4 e6 2. d4 d5 3. Nc3 Bb4 4. exd5 exd5 5. Bd3 Nf6 6. a3 Bxc3+ 7. bxc3 O-O 8.
Ne2 Bg4 9. O-O c6 10. f3 Bh5 11. Nf4 Bg6 12. Nxg6 hxg6 13. c4 Re8 14. a4 a5 15.
c5 Na6 16. Rb1 Qc7 17. Bd2 Nb4 18. Bxb4 axb4 19. Rxb4 Ra7 20. Qd2 Re7 21. Rfb1
Nh5 22. g3 Qb8 23. c3 Qc7 24. Kf2 Qd7 25. Bf1 f5 26. Re1 Kf7 27. Bd3 Nf6 28.
Qf4 Rxe1 29. Kxe1 Ra8 30. Kf2 Re8 31. Rb2 Re6 32. Qb8 Re7 33. a5 Qc7 34. Qa8
Qd7 35. a6 bxa6 36. Bxa6 Ne8 37. Bc8 Nc7 38. Bxd7 Nxa8 39. Bxc6 Nc7 40. Re2 Kf6
41. Rxe7 Kxe7 42. Ke3 Kf6 43. Kd3 g5 44. c4 dxc4+ 45. Kxc4 g4 46. fxg4 1-0

[Event "International Championship of Central Se"]
[Site "Paracin, hotel "]
[Date "2016.07.12"]
[Round "7.16"]
[White "Ratkovic, Petar"]
[Black "Zajic, Milun"]
[Result "1/2-1/2"]
[WhiteElo "1866"]
[BlackElo "2026"]
[PlyCount "68"]
[EventDate "2016.07.07"]

1. d4 d6 2. c4 e5 3. dxe5 dxe5 4. Qxd8+ Kxd8 5. Nc3 c6 6. Nf3 f6 7. e4 Be6 8.
Be3 Nd7 9. Be2 Kc7 10. a3 a5 11. O-O Nh6 12. Nd2 Nf7 13. Rfc1 b6 14. Na4 Be7
15. c5 b5 16. Nb6 Rab8 17. b4 a4 18. f4 g6 19. Nf3 Nxb6 20. cxb6+ Rxb6 21.
Bxb6+ Kxb6 22. fxe5 fxe5 23. Rd1 g5 24. Ne1 Nd6 25. Nd3 Nxe4 26. Bf3 Nc3 27.
Rac1 e4 28. Rxc3 exf3 29. Re1 Bf6 30. Rxc6+ Kxc6 31. Rxe6+ Kd5 32. Rxf6 fxg2
33. Kxg2 Kc4 34. Nc5 Rd8 1/2-1/2

[Event "International Championship of Central Se"]
[Site "Paracin, hotel "]
[Date "2016.07.12"]
[Round "7.17"]
[White "Kostic, Marko"]
[Black "Mirkovic, Dejan"]
[Result "0-1"]
[WhiteElo "2016"]
[BlackElo "1824"]
[PlyCount "72"]
[EventDate "2016.07.07"]

1. d4 Nf6 2. Bf4 d5 3. e3 e6 4. Nf3 a6 5. Bd3 c5 6. c3 Nc6 7. Nbd2 b6 8. h3 Be7
9. O-O Bb7 10. Ne5 O-O 11. Rc1 Bd6 12. Ndf3 Ne7 13. Nh2 Ng6 14. Bg3 Qc7 15. f4
b5 16. Nhg4 Ne4 17. Bxe4 dxe4 18. Nxg6 hxg6 19. Ne5 Rfd8 20. Qg4 a5 21. Bh4 Re8
22. Bg3 Ba6 23. h4 b4 24. Rfe1 Qb6 25. h5 gxh5 26. Qxh5 Ra7 27. c4 b3 28. a3
Rc7 29. Bf2 Rec8 30. g3 Qb7 31. Red1 cxd4 32. exd4 Bxe5 33. dxe5 Bxc4 34. Qg5
Be2 35. Rxc7 Qxc7 36. Re1 Bf3 0-1

[Event "International Championship of Central Se"]
[Site "Paracin, hotel "]
[Date "2016.07.12"]
[Round "7.18"]
[White "Miletic, Vuk"]
[Black "Miljkovic, Jovana"]
[Result "0-1"]
[WhiteElo "1574"]
[BlackElo "1973"]
[PlyCount "54"]
[EventDate "2016.07.07"]

1. d4 Nf6 2. c4 e6 3. Nf3 d5 4. Nc3 dxc4 5. e3 a6 6. a4 b6 7. Bxc4 Bb7 8. O-O
Nbd7 9. Qe2 Bb4 10. Rd1 O-O 11. Ne5 Qe7 12. Na2 Bd6 13. f4 Ne4 14. Nxd7 Qxd7
15. Nc3 Qe7 16. Nxe4 Bxe4 17. Bxa6 Qh4 18. Bd3 Bb7 19. Bd2 g5 20. Qf2 Qh6 21.
Qg3 f6 22. Qg4 Kh8 23. g3 gxf4 24. exf4 Rg8 25. Qxe6 Rae8 26. Qf5 Rxg3+ 27. Kf1
Rf3+ 0-1

[Event "International Championship of Central Se"]
[Site "Paracin, hotel "]
[Date "2016.07.12"]
[Round "7.19"]
[White "Krstic, Milos"]
[Black "Ivanov, Igor"]
[Result "1/2-1/2"]
[WhiteElo "1966"]
[BlackElo "1815"]
[PlyCount "51"]
[EventDate "2016.07.07"]

1. e4 c6 2. d4 d5 3. e5 Bf5 4. g4 Be4 5. f3 Bg6 6. h4 h5 7. g5 e6 8. Bd3 Ne7 9.
Ne2 Bxd3 10. Qxd3 Nf5 11. Nd2 g6 12. Nb3 Nd7 13. Bd2 Qc7 14. f4 c5 15. dxc5
Nxc5 16. Nxc5 Qxc5 17. c3 Rc8 18. b4 Qc4 19. Qxc4 Rxc4 20. a3 Be7 21. Rh3 O-O
22. Ng3 Nxg3 23. Rxg3 Re4+ 24. Be3 Rc8 25. Kd2 a6 26. Rf3 1/2-1/2

[Event "International Championship of Central Se"]
[Site "Paracin, hotel "]
[Date "2016.07.12"]
[Round "7.20"]
[White "Glisic, Tomislav"]
[Black "Petrovic, Petar R"]
[Result "0-1"]
[WhiteElo "1818"]
[BlackElo "1964"]
[PlyCount "177"]
[EventDate "2016.07.07"]

1. e4 e5 2. Nf3 Nc6 3. Bc4 Nf6 4. Ng5 d5 5. exd5 Na5 6. Bb5+ c6 7. dxc6 bxc6 8.
Qf3 Qc7 9. Ba4 Bd6 10. Nc3 O-O 11. O-O Bg4 12. Qg3 Bf5 13. d3 e4 14. f4 exf3
15. Qxf3 Bg4 16. Qf2 Bxh2+ 17. Kh1 Bg3 18. Bf4 Bxf4 19. Qxf4 Qxf4 20. Rxf4 Rac8
21. b4 Nb7 22. Nce4 Nxe4 23. Nxe4 Bh5 24. Bb3 Bg6 25. Kg1 c5 26. Bd5 Bxe4 27.
Bxe4 Nd6 28. bxc5 Rxc5 29. c4 g5 30. Rg4 h5 31. Rg3 Nxe4 32. dxe4 g4 33. Rc1
Re8 34. Re3 f5 35. e5 Kf7 36. g3 Rexe5 37. Rxe5 Rxe5 38. Kf2 Ke6 39. Rc3 Kd6
40. Re3 Rc5 41. Rc3 Ke5 42. Ke3 h4 43. gxh4 f4+ 44. Kf2 Ke4 45. a4 Rh5 46. c5
Kd4 47. Rc1 Rxh4 48. c6 Rh2+ 49. Kg1 Rh8 50. c7 Rc8 51. Rd1+ Ke3 52. Rd7 Kf3
53. Kf1 g3 54. Rd3+ Ke4 55. Rd7 Kf3 56. Rd3+ Kg4 57. Rd7 Kf3 58. Rd3+ Ke4 59.
Rd7 f3 60. Rg7 g2+ 61. Kf2 Rh8 62. Re7+ Kd5 63. Rd7+ Ke5 64. Rg7 Rf8 65. Rf7
Rg8 66. Kg1 Ke4 67. Re7+ Kf4 68. Rf7+ Kg3 69. Rf6 Re8 70. Rg6+ Kf4 71. Rf6+ Kg4
72. Rg6+ Kf5 73. Rg7 Kf4 74. Rf7+ Ke3 75. Re7+ Rxe7 76. c8=Q f2+ 77. Kxg2 Rg7+
78. Kh2 f1=Q 79. Qe6+ Kd4 80. Qd6+ Kc3 81. Qe5+ Kb3 82. Qxg7 Qf4+ 83. Kg2 Qxa4
84. Kf3 Qc6+ 85. Ke2 Qc2+ 86. Kf1 Qc1+ 87. Ke2 Qb2+ 88. Qxb2+ Kxb2 89. Kd3 0-1